<?xml version="1.0" encoding="UTF-8"?>
<record
    xmlns:xsi="http://www.w3.org/2001/XMLSchema-instance"
    xsi:schemaLocation="http://www.loc.gov/MARC21/slim http://www.loc.gov/standards/marcxml/schema/MARC21slim.xsd"
    xmlns="http://www.loc.gov/MARC21/slim">

  <leader>01007nam a2200277Ia 4500</leader>
  <controlfield tag="005">20170612112935.0</controlfield>
  <datafield tag="010" ind1=" " ind2=" ">
    <subfield code="a">BAC-EN21    ENG-111865</subfield>
  </datafield>
  <datafield tag="020" ind1=" " ind2=" ">
    <subfield code="a">9788126536122</subfield>
    <subfield code="c">439.00</subfield>
  </datafield>
  <datafield tag="020" ind1=" " ind2=" ">
    <subfield code="a">9788126536122</subfield>
    <subfield code="c">519.00  (AV)</subfield>
  </datafield>
  <datafield tag="035" ind1=" " ind2=" ">
    <subfield code="a">EN-95397</subfield>
  </datafield>
  <datafield tag="035" ind1=" " ind2=" ">
    <subfield code="a">B-584418-452</subfield>
  </datafield>
  <datafield tag="035" ind1=" " ind2=" ">
    <subfield code="a">B-669646</subfield>
  </datafield>
  <datafield tag="037" ind1=" " ind2=" ">
    <subfield code="b">Asian Book Centre /Ven</subfield>
    <subfield code="a">dpl</subfield>
  </datafield>
  <datafield tag="037" ind1=" " ind2=" ">
    <subfield code="b">DBAD/PUB</subfield>
  </datafield>
  <datafield tag="082" ind1=" " ind2=" ">
    <subfield code="a">530</subfield>
  </datafield>
  <datafield tag="100" ind1=" " ind2=" ">
    <subfield code="a">Vishwakarma, H.L.</subfield>
  </datafield>
  <datafield tag="245" ind1=" " ind2=" ">
    <subfield code="a">Applied physics/</subfield>
    <subfield code="c">by H.L.Vishwakarma</subfield>
  </datafield>
  <datafield tag="260" ind1=" " ind2=" ">
    <subfield code="c">2013</subfield>
    <subfield code="a">New Delhi</subfield>
    <subfield code="b">John Wiley </subfield>
  </datafield>
  <datafield tag="270" ind1=" " ind2=" ">
    <subfield code="a">4435-36/7, Ansari Road, Daryaganj,</subfield>
    <subfield code="b">New Delhi</subfield>
    <subfield code="e">110002</subfield>
  </datafield>
  <datafield tag="300" ind1=" " ind2=" ">
    <subfield code="c">23cm(pbk)</subfield>
    <subfield code="a">xxv,762p.:</subfield>
    <subfield code="b">ill.</subfield>
  </datafield>
  <datafield tag="490" ind1=" " ind2=" ">
    <subfield code="a">Wiley precise textbook series</subfield>
  </datafield>
  <datafield tag="500" ind1=" " ind2=" ">
    <subfield code="a">Includes index</subfield>
  </datafield>
  <datafield tag="942" ind1=" " ind2=" ">
    <subfield code="c">EN</subfield>
    <subfield code="2">ddc</subfield>
    <subfield code="m">VIS</subfield>
    <subfield code="h">530</subfield>
  </datafield>
  <datafield tag="999" ind1=" " ind2=" ">
    <subfield code="c">88031</subfield>
    <subfield code="d">88031</subfield>
  </datafield>
  <datafield tag="952" ind1=" " ind2=" ">
    <subfield code="0">0</subfield>
    <subfield code="1">0</subfield>
    <subfield code="4">0</subfield>
    <subfield code="7">1</subfield>
    <subfield code="8">NFIC</subfield>
    <subfield code="a">DBAD</subfield>
    <subfield code="b">DBAD</subfield>
    <subfield code="d">2015-01-27</subfield>
    <subfield code="e">DBAD/PUB</subfield>
    <subfield code="g">439.00</subfield>
    <subfield code="l">0</subfield>
    <subfield code="o">530 VIS</subfield>
    <subfield code="p">EN-95397</subfield>
    <subfield code="r">2015-01-27 00:00:00</subfield>
    <subfield code="t">1</subfield>
    <subfield code="v">439.00</subfield>
    <subfield code="y">EN</subfield>
  </datafield>
  <datafield tag="952" ind1=" " ind2=" ">
    <subfield code="0">0</subfield>
    <subfield code="1">0</subfield>
    <subfield code="4">0</subfield>
    <subfield code="7">0</subfield>
    <subfield code="8">NFIC</subfield>
    <subfield code="a">L</subfield>
    <subfield code="b">L</subfield>
    <subfield code="d">2015-02-03</subfield>
    <subfield code="e">ABC/IN4454/13.12.2014/168/08.12.2014/30.12.2014</subfield>
    <subfield code="g">439.00</subfield>
    <subfield code="l">0</subfield>
    <subfield code="o">530 VIS</subfield>
    <subfield code="p">B-584418</subfield>
    <subfield code="r">2015-02-03 00:00:00</subfield>
    <subfield code="t">1</subfield>
    <subfield code="v">530.00</subfield>
    <subfield code="y">EN</subfield>
  </datafield>
  <datafield tag="952" ind1=" " ind2=" ">
    <subfield code="0">0</subfield>
    <subfield code="1">0</subfield>
    <subfield code="4">0</subfield>
    <subfield code="7">1</subfield>
    <subfield code="8">REF</subfield>
    <subfield code="a">L</subfield>
    <subfield code="b">L</subfield>
    <subfield code="d">2015-02-03</subfield>
    <subfield code="e">ABC/IN4454/13.12.2014/168/08.12.2014/30.12.2014</subfield>
    <subfield code="g">439.00</subfield>
    <subfield code="l">0</subfield>
    <subfield code="o">530 VIS</subfield>
    <subfield code="p">B-584419</subfield>
    <subfield code="r">2015-02-03 00:00:00</subfield>
    <subfield code="t">1</subfield>
    <subfield code="v">530.00</subfield>
    <subfield code="y">EN</subfield>
  </datafield>
  <datafield tag="952" ind1=" " ind2=" ">
    <subfield code="0">0</subfield>
    <subfield code="1">5</subfield>
    <subfield code="4">0</subfield>
    <subfield code="7">0</subfield>
    <subfield code="8">NFIC</subfield>
    <subfield code="a">M</subfield>
    <subfield code="b">M</subfield>
    <subfield code="d">2015-02-03</subfield>
    <subfield code="e">ABC/IN4454/13.12.2014/168/08.12.2014/30.12.2014</subfield>
    <subfield code="g">439.00</subfield>
    <subfield code="l">0</subfield>
    <subfield code="o">530 VIS</subfield>
    <subfield code="p">B-584420</subfield>
    <subfield code="r">2015-02-03 00:00:00</subfield>
    <subfield code="t">2</subfield>
    <subfield code="v">530.00</subfield>
    <subfield code="y">EN</subfield>
  </datafield>
  <datafield tag="952" ind1=" " ind2=" ">
    <subfield code="0">0</subfield>
    <subfield code="1">0</subfield>
    <subfield code="4">0</subfield>
    <subfield code="7">0</subfield>
    <subfield code="8">NFIC</subfield>
    <subfield code="a">M</subfield>
    <subfield code="b">M</subfield>
    <subfield code="d">2015-02-03</subfield>
    <subfield code="e">ABC/IN4454/13.12.2014/168/08.12.2014/30.12.2014</subfield>
    <subfield code="g">439.00</subfield>
    <subfield code="l">0</subfield>
    <subfield code="o">530 VIS</subfield>
    <subfield code="p">B-584421</subfield>
    <subfield code="r">2015-02-03 00:00:00</subfield>
    <subfield code="t">2</subfield>
    <subfield code="v">530.00</subfield>
    <subfield code="y">EN</subfield>
  </datafield>
  <datafield tag="952" ind1=" " ind2=" ">
    <subfield code="0">0</subfield>
    <subfield code="1">0</subfield>
    <subfield code="4">0</subfield>
    <subfield code="7">0</subfield>
    <subfield code="8">NFIC</subfield>
    <subfield code="a">NPL</subfield>
    <subfield code="b">NPL</subfield>
    <subfield code="d">2015-02-03</subfield>
    <subfield code="e">ABC/IN4454/13.12.2014/168/08.12.2014/30.12.2014</subfield>
    <subfield code="g">439.00</subfield>
    <subfield code="l">0</subfield>
    <subfield code="o">530 VIS</subfield>
    <subfield code="p">B-584422</subfield>
    <subfield code="r">2015-02-03 00:00:00</subfield>
    <subfield code="t">1</subfield>
    <subfield code="v">530.00</subfield>
    <subfield code="y">EN</subfield>
  </datafield>
  <datafield tag="952" ind1=" " ind2=" ">
    <subfield code="0">0</subfield>
    <subfield code="1">0</subfield>
    <subfield code="4">0</subfield>
    <subfield code="7">0</subfield>
    <subfield code="8">NFIC</subfield>
    <subfield code="a">BL1</subfield>
    <subfield code="b">BL1</subfield>
    <subfield code="d">2015-02-03</subfield>
    <subfield code="e">ABC/IN4454/13.12.2014/168/08.12.2014/30.12.2014</subfield>
    <subfield code="g">439.00</subfield>
    <subfield code="l">9</subfield>
    <subfield code="m">6</subfield>
    <subfield code="o">530 VIS</subfield>
    <subfield code="p">B-584423</subfield>
    <subfield code="r">2023-03-07 00:00:00</subfield>
    <subfield code="s">2023-01-18</subfield>
    <subfield code="t">1</subfield>
    <subfield code="v">530.00</subfield>
    <subfield code="y">EN</subfield>
  </datafield>
  <datafield tag="952" ind1=" " ind2=" ">
    <subfield code="0">0</subfield>
    <subfield code="1">0</subfield>
    <subfield code="4">0</subfield>
    <subfield code="7">0</subfield>
    <subfield code="8">NFIC</subfield>
    <subfield code="a">KGM</subfield>
    <subfield code="b">KGM</subfield>
    <subfield code="d">2015-02-03</subfield>
    <subfield code="e">ABC/IN4454/13.12.2014/168/08.12.2014/30.12.2014</subfield>
    <subfield code="g">439.00</subfield>
    <subfield code="l">6</subfield>
    <subfield code="m">8</subfield>
    <subfield code="o">530 VIS</subfield>
    <subfield code="p">B-584424</subfield>
    <subfield code="r">2021-06-28 00:00:00</subfield>
    <subfield code="s">2021-06-07</subfield>
    <subfield code="t">1</subfield>
    <subfield code="v">530.00</subfield>
    <subfield code="y">EN</subfield>
  </datafield>
  <datafield tag="952" ind1=" " ind2=" ">
    <subfield code="0">0</subfield>
    <subfield code="1">0</subfield>
    <subfield code="4">0</subfield>
    <subfield code="7">0</subfield>
    <subfield code="8">NFIC</subfield>
    <subfield code="a">PR</subfield>
    <subfield code="b">PR</subfield>
    <subfield code="d">2015-02-03</subfield>
    <subfield code="e">ABC/IN4454/13.12.2014/168/08.12.2014/30.12.2014</subfield>
    <subfield code="g">439.00</subfield>
    <subfield code="l">0</subfield>
    <subfield code="o">530 VIS</subfield>
    <subfield code="p">B-584425</subfield>
    <subfield code="r">2015-02-03 00:00:00</subfield>
    <subfield code="t">1</subfield>
    <subfield code="v">530.00</subfield>
    <subfield code="y">EN</subfield>
  </datafield>
  <datafield tag="952" ind1=" " ind2=" ">
    <subfield code="0">0</subfield>
    <subfield code="1">0</subfield>
    <subfield code="4">0</subfield>
    <subfield code="7">0</subfield>
    <subfield code="8">NFIC</subfield>
    <subfield code="a">TN</subfield>
    <subfield code="b">TN</subfield>
    <subfield code="d">2015-02-03</subfield>
    <subfield code="e">ABC/IN4454/13.12.2014/168/08.12.2014/30.12.2014</subfield>
    <subfield code="g">439.00</subfield>
    <subfield code="l">7</subfield>
    <subfield code="m">4</subfield>
    <subfield code="o">530 VIS</subfield>
    <subfield code="p">B-584426</subfield>
    <subfield code="r">2019-03-16 00:00:00</subfield>
    <subfield code="s">2019-03-02</subfield>
    <subfield code="t">1</subfield>
    <subfield code="v">530.00</subfield>
    <subfield code="y">EN</subfield>
  </datafield>
  <datafield tag="952" ind1=" " ind2=" ">
    <subfield code="0">0</subfield>
    <subfield code="1">0</subfield>
    <subfield code="4">0</subfield>
    <subfield code="7">0</subfield>
    <subfield code="8">NFIC</subfield>
    <subfield code="a">CJ</subfield>
    <subfield code="b">CJ</subfield>
    <subfield code="d">2015-02-03</subfield>
    <subfield code="e">ABC/IN4454/13.12.2014/168/08.12.2014/30.12.2014</subfield>
    <subfield code="g">439.00</subfield>
    <subfield code="l">2</subfield>
    <subfield code="o">530 VIS</subfield>
    <subfield code="p">B-584427</subfield>
    <subfield code="r">2019-08-31 00:00:00</subfield>
    <subfield code="s">2019-08-17</subfield>
    <subfield code="t">1</subfield>
    <subfield code="v">530.00</subfield>
    <subfield code="y">EN</subfield>
  </datafield>
  <datafield tag="952" ind1=" " ind2=" ">
    <subfield code="0">0</subfield>
    <subfield code="1">0</subfield>
    <subfield code="4">0</subfield>
    <subfield code="7">0</subfield>
    <subfield code="8">NFIC</subfield>
    <subfield code="a">DIZ</subfield>
    <subfield code="b">DIZ</subfield>
    <subfield code="d">2015-02-03</subfield>
    <subfield code="e">ABC/IN4454/13.12.2014/168/08.12.2014/30.12.2014</subfield>
    <subfield code="g">439.00</subfield>
    <subfield code="l">0</subfield>
    <subfield code="o">530 VIS</subfield>
    <subfield code="p">B-584428</subfield>
    <subfield code="r">2015-02-03 00:00:00</subfield>
    <subfield code="t">1</subfield>
    <subfield code="v">530.00</subfield>
    <subfield code="y">EN</subfield>
  </datafield>
  <datafield tag="952" ind1=" " ind2=" ">
    <subfield code="0">0</subfield>
    <subfield code="1">0</subfield>
    <subfield code="4">0</subfield>
    <subfield code="7">0</subfield>
    <subfield code="8">NFIC</subfield>
    <subfield code="a">JP</subfield>
    <subfield code="b">JP</subfield>
    <subfield code="d">2015-02-03</subfield>
    <subfield code="e">ABC/IN4454/13.12.2014/168/08.12.2014/30.12.2014</subfield>
    <subfield code="g">439.00</subfield>
    <subfield code="l">25</subfield>
    <subfield code="m">6</subfield>
    <subfield code="o">530 VIS</subfield>
    <subfield code="p">B-584429</subfield>
    <subfield code="r">2024-10-18 00:00:00</subfield>
    <subfield code="s">2024-09-14</subfield>
    <subfield code="t">1</subfield>
    <subfield code="v">530.00</subfield>
    <subfield code="y">EN</subfield>
  </datafield>
  <datafield tag="952" ind1=" " ind2=" ">
    <subfield code="0">0</subfield>
    <subfield code="1">5</subfield>
    <subfield code="4">0</subfield>
    <subfield code="7">0</subfield>
    <subfield code="8">NFIC</subfield>
    <subfield code="a">ZLS</subfield>
    <subfield code="b">ZLS</subfield>
    <subfield code="d">2015-02-03</subfield>
    <subfield code="e">ABC/IN4454/13.12.2014/168/08.12.2014/30.12.2014</subfield>
    <subfield code="g">439.00</subfield>
    <subfield code="l">0</subfield>
    <subfield code="o">530 VIS</subfield>
    <subfield code="p">B-584430</subfield>
    <subfield code="r">2015-02-03 00:00:00</subfield>
    <subfield code="t">1</subfield>
    <subfield code="v">530.00</subfield>
    <subfield code="y">EN</subfield>
  </datafield>
  <datafield tag="952" ind1=" " ind2=" ">
    <subfield code="0">0</subfield>
    <subfield code="1">0</subfield>
    <subfield code="4">0</subfield>
    <subfield code="7">0</subfield>
    <subfield code="8">NFIC</subfield>
    <subfield code="a">RKP</subfield>
    <subfield code="b">RKP</subfield>
    <subfield code="d">2015-02-03</subfield>
    <subfield code="e">ABC/IN4454/13.12.2014/168/08.12.2014/30.12.2014</subfield>
    <subfield code="g">439.00</subfield>
    <subfield code="l">4</subfield>
    <subfield code="m">3</subfield>
    <subfield code="o">530 VIS</subfield>
    <subfield code="p">B-584431</subfield>
    <subfield code="r">2018-12-07 00:00:00</subfield>
    <subfield code="s">2018-11-26</subfield>
    <subfield code="t">1</subfield>
    <subfield code="v">530.00</subfield>
    <subfield code="y">EN</subfield>
  </datafield>
  <datafield tag="952" ind1=" " ind2=" ">
    <subfield code="0">0</subfield>
    <subfield code="1">0</subfield>
    <subfield code="4">0</subfield>
    <subfield code="7">0</subfield>
    <subfield code="8">NFIC</subfield>
    <subfield code="a">AG</subfield>
    <subfield code="b">AG</subfield>
    <subfield code="d">2015-02-03</subfield>
    <subfield code="e">ABC/IN4454/13.12.2014/168/08.12.2014/30.12.2014</subfield>
    <subfield code="g">439.00</subfield>
    <subfield code="l">9</subfield>
    <subfield code="m">3</subfield>
    <subfield code="o">530 VIS</subfield>
    <subfield code="p">B-584432</subfield>
    <subfield code="r">2021-03-13 00:00:00</subfield>
    <subfield code="s">2021-02-03</subfield>
    <subfield code="t">1</subfield>
    <subfield code="v">530.00</subfield>
    <subfield code="y">EN</subfield>
  </datafield>
  <datafield tag="952" ind1=" " ind2=" ">
    <subfield code="0">0</subfield>
    <subfield code="1">0</subfield>
    <subfield code="4">0</subfield>
    <subfield code="7">0</subfield>
    <subfield code="8">NFIC</subfield>
    <subfield code="a">ZLS</subfield>
    <subfield code="b">ZLS</subfield>
    <subfield code="d">2015-02-03</subfield>
    <subfield code="e">ABC/IN4454/13.12.2014/168/08.12.2014/30.12.2014</subfield>
    <subfield code="g">439.00</subfield>
    <subfield code="l">4</subfield>
    <subfield code="o">530 VIS</subfield>
    <subfield code="p">B-584433</subfield>
    <subfield code="r">2020-02-28 00:00:00</subfield>
    <subfield code="s">2020-02-13</subfield>
    <subfield code="t">1</subfield>
    <subfield code="v">530.00</subfield>
    <subfield code="y">EN</subfield>
  </datafield>
  <datafield tag="952" ind1=" " ind2=" ">
    <subfield code="0">0</subfield>
    <subfield code="1">0</subfield>
    <subfield code="4">0</subfield>
    <subfield code="7">0</subfield>
    <subfield code="8">NFIC</subfield>
    <subfield code="a">ZLS</subfield>
    <subfield code="b">ZLS</subfield>
    <subfield code="d">2015-02-03</subfield>
    <subfield code="e">ABC/IN4454/13.12.2014/168/08.12.2014/30.12.2014</subfield>
    <subfield code="g">439.00</subfield>
    <subfield code="l">4</subfield>
    <subfield code="o">530 VIS</subfield>
    <subfield code="p">B-584434</subfield>
    <subfield code="r">2023-12-22 00:00:00</subfield>
    <subfield code="s">2023-12-22</subfield>
    <subfield code="t">1</subfield>
    <subfield code="v">530.00</subfield>
    <subfield code="y">EN</subfield>
  </datafield>
  <datafield tag="952" ind1=" " ind2=" ">
    <subfield code="0">0</subfield>
    <subfield code="1">0</subfield>
    <subfield code="4">0</subfield>
    <subfield code="7">0</subfield>
    <subfield code="8">NFIC</subfield>
    <subfield code="a">VP</subfield>
    <subfield code="b">VP</subfield>
    <subfield code="d">2015-02-03</subfield>
    <subfield code="e">ABC/IN4454/13.12.2014/168/08.12.2014/30.12.2014</subfield>
    <subfield code="g">439.00</subfield>
    <subfield code="l">11</subfield>
    <subfield code="m">1</subfield>
    <subfield code="o">530 VIS</subfield>
    <subfield code="p">B-584435</subfield>
    <subfield code="r">2021-01-30 00:00:00</subfield>
    <subfield code="s">2021-01-20</subfield>
    <subfield code="t">1</subfield>
    <subfield code="v">530.00</subfield>
    <subfield code="y">EN</subfield>
  </datafield>
  <datafield tag="952" ind1=" " ind2=" ">
    <subfield code="0">0</subfield>
    <subfield code="1">0</subfield>
    <subfield code="4">0</subfield>
    <subfield code="7">0</subfield>
    <subfield code="8">NFIC</subfield>
    <subfield code="a">BN</subfield>
    <subfield code="b">BN</subfield>
    <subfield code="d">2015-02-03</subfield>
    <subfield code="e">ABC/IN4454/13.12.2014/168/08.12.2014/30.12.2014</subfield>
    <subfield code="g">439.00</subfield>
    <subfield code="l">2</subfield>
    <subfield code="m">3</subfield>
    <subfield code="o">530 VIS</subfield>
    <subfield code="p">B-584436</subfield>
    <subfield code="r">2019-10-14 00:00:00</subfield>
    <subfield code="s">2019-09-18</subfield>
    <subfield code="t">1</subfield>
    <subfield code="v">530.00</subfield>
    <subfield code="y">EN</subfield>
  </datafield>
  <datafield tag="952" ind1=" " ind2=" ">
    <subfield code="0">0</subfield>
    <subfield code="1">0</subfield>
    <subfield code="4">0</subfield>
    <subfield code="7">0</subfield>
    <subfield code="8">NFIC</subfield>
    <subfield code="a">NRR</subfield>
    <subfield code="b">NRR</subfield>
    <subfield code="d">2015-02-03</subfield>
    <subfield code="e">ABC/IN4454/13.12.2014/168/08.12.2014/30.12.2014</subfield>
    <subfield code="g">439.00</subfield>
    <subfield code="l">0</subfield>
    <subfield code="o">530 VIS</subfield>
    <subfield code="p">B-584437</subfield>
    <subfield code="r">2015-02-03 00:00:00</subfield>
    <subfield code="t">1</subfield>
    <subfield code="v">530.00</subfield>
    <subfield code="y">EN</subfield>
  </datafield>
  <datafield tag="952" ind1=" " ind2=" ">
    <subfield code="0">0</subfield>
    <subfield code="1">0</subfield>
    <subfield code="4">0</subfield>
    <subfield code="7">0</subfield>
    <subfield code="8">NFIC</subfield>
    <subfield code="a">BKK</subfield>
    <subfield code="b">BKK</subfield>
    <subfield code="d">2015-02-03</subfield>
    <subfield code="e">ABC/IN4454/13.12.2014/168/08.12.2014/30.12.2014</subfield>
    <subfield code="g">439.00</subfield>
    <subfield code="l">0</subfield>
    <subfield code="o">530 VIS</subfield>
    <subfield code="p">B-584438</subfield>
    <subfield code="r">2015-02-03 00:00:00</subfield>
    <subfield code="t">1</subfield>
    <subfield code="v">530.00</subfield>
    <subfield code="y">EN</subfield>
  </datafield>
  <datafield tag="952" ind1=" " ind2=" ">
    <subfield code="0">0</subfield>
    <subfield code="1">0</subfield>
    <subfield code="4">0</subfield>
    <subfield code="7">0</subfield>
    <subfield code="8">NFIC</subfield>
    <subfield code="a">NR</subfield>
    <subfield code="b">NR</subfield>
    <subfield code="d">2015-02-03</subfield>
    <subfield code="e">ABC/IN4454/13.12.2014/168/08.12.2014/30.12.2014</subfield>
    <subfield code="g">439.00</subfield>
    <subfield code="l">0</subfield>
    <subfield code="o">530 VIS</subfield>
    <subfield code="p">B-584439</subfield>
    <subfield code="r">2015-02-03 00:00:00</subfield>
    <subfield code="t">1</subfield>
    <subfield code="v">530.00</subfield>
    <subfield code="y">EN</subfield>
  </datafield>
  <datafield tag="952" ind1=" " ind2=" ">
    <subfield code="0">0</subfield>
    <subfield code="1">0</subfield>
    <subfield code="4">0</subfield>
    <subfield code="7">0</subfield>
    <subfield code="8">NFIC</subfield>
    <subfield code="a">BN</subfield>
    <subfield code="b">BN</subfield>
    <subfield code="d">2015-02-03</subfield>
    <subfield code="e">ABC/IN4454/13.12.2014/168/08.12.2014/30.12.2014</subfield>
    <subfield code="g">439.00</subfield>
    <subfield code="l">5</subfield>
    <subfield code="m">4</subfield>
    <subfield code="o">530 VIS</subfield>
    <subfield code="p">B-584440</subfield>
    <subfield code="r">2023-09-11 00:00:00</subfield>
    <subfield code="s">2023-08-24</subfield>
    <subfield code="t">1</subfield>
    <subfield code="v">530.00</subfield>
    <subfield code="y">EN</subfield>
  </datafield>
  <datafield tag="952" ind1=" " ind2=" ">
    <subfield code="0">0</subfield>
    <subfield code="1">0</subfield>
    <subfield code="4">0</subfield>
    <subfield code="7">0</subfield>
    <subfield code="8">NFIC</subfield>
    <subfield code="a">KV</subfield>
    <subfield code="b">KV</subfield>
    <subfield code="d">2015-02-03</subfield>
    <subfield code="e">ABC/IN4454/13.12.2014/168/08.12.2014/30.12.2014</subfield>
    <subfield code="g">439.00</subfield>
    <subfield code="l">0</subfield>
    <subfield code="o">530 VIS</subfield>
    <subfield code="p">B-584441</subfield>
    <subfield code="r">2015-02-03 00:00:00</subfield>
    <subfield code="t">1</subfield>
    <subfield code="v">530.00</subfield>
    <subfield code="y">EN</subfield>
  </datafield>
  <datafield tag="952" ind1=" " ind2=" ">
    <subfield code="0">0</subfield>
    <subfield code="1">0</subfield>
    <subfield code="4">0</subfield>
    <subfield code="7">0</subfield>
    <subfield code="8">NFIC</subfield>
    <subfield code="a">MV</subfield>
    <subfield code="b">MV</subfield>
    <subfield code="d">2015-02-03</subfield>
    <subfield code="e">ABC/IN4454/13.12.2014/168/08.12.2014/30.12.2014</subfield>
    <subfield code="g">439.00</subfield>
    <subfield code="l">0</subfield>
    <subfield code="o">530 VIS</subfield>
    <subfield code="p">B-584442</subfield>
    <subfield code="r">2015-02-03 00:00:00</subfield>
    <subfield code="t">1</subfield>
    <subfield code="v">530.00</subfield>
    <subfield code="y">EN</subfield>
  </datafield>
  <datafield tag="952" ind1=" " ind2=" ">
    <subfield code="0">0</subfield>
    <subfield code="1">0</subfield>
    <subfield code="4">0</subfield>
    <subfield code="7">0</subfield>
    <subfield code="8">NFIC</subfield>
    <subfield code="a">MP</subfield>
    <subfield code="b">MP</subfield>
    <subfield code="d">2015-02-03</subfield>
    <subfield code="e">ABC/IN4454/13.12.2014/168/08.12.2014/30.12.2014</subfield>
    <subfield code="g">439.00</subfield>
    <subfield code="l">0</subfield>
    <subfield code="o">530 VIS</subfield>
    <subfield code="p">B-584443</subfield>
    <subfield code="r">2015-02-03 00:00:00</subfield>
    <subfield code="t">1</subfield>
    <subfield code="v">530.00</subfield>
    <subfield code="y">EN</subfield>
  </datafield>
  <datafield tag="952" ind1=" " ind2=" ">
    <subfield code="0">0</subfield>
    <subfield code="1">0</subfield>
    <subfield code="4">0</subfield>
    <subfield code="7">0</subfield>
    <subfield code="8">NFIC</subfield>
    <subfield code="a">BL4</subfield>
    <subfield code="b">BL4</subfield>
    <subfield code="d">2015-02-03</subfield>
    <subfield code="e">ABC/IN4454/13.12.2014/168/08.12.2014/30.12.2014</subfield>
    <subfield code="g">439.00</subfield>
    <subfield code="l">10</subfield>
    <subfield code="m">4</subfield>
    <subfield code="o">530 VIS</subfield>
    <subfield code="p">B-584444</subfield>
    <subfield code="r">2023-03-06 00:00:00</subfield>
    <subfield code="s">2023-03-01</subfield>
    <subfield code="t">1</subfield>
    <subfield code="v">530.00</subfield>
    <subfield code="y">EN</subfield>
  </datafield>
  <datafield tag="952" ind1=" " ind2=" ">
    <subfield code="0">0</subfield>
    <subfield code="1">0</subfield>
    <subfield code="4">0</subfield>
    <subfield code="7">0</subfield>
    <subfield code="8">NFIC</subfield>
    <subfield code="a">YV</subfield>
    <subfield code="b">YV</subfield>
    <subfield code="d">2015-02-03</subfield>
    <subfield code="e">ABC/IN4454/13.12.2014/168/08.12.2014/30.12.2014</subfield>
    <subfield code="g">439.00</subfield>
    <subfield code="l">5</subfield>
    <subfield code="m">5</subfield>
    <subfield code="o">530 VIS</subfield>
    <subfield code="p">B-584445</subfield>
    <subfield code="r">2023-03-21 00:00:00</subfield>
    <subfield code="s">2023-03-11</subfield>
    <subfield code="t">1</subfield>
    <subfield code="v">530.00</subfield>
    <subfield code="y">EN</subfield>
  </datafield>
  <datafield tag="952" ind1=" " ind2=" ">
    <subfield code="0">0</subfield>
    <subfield code="1">0</subfield>
    <subfield code="4">0</subfield>
    <subfield code="7">0</subfield>
    <subfield code="8">NFIC</subfield>
    <subfield code="a">JE</subfield>
    <subfield code="b">JE</subfield>
    <subfield code="d">2015-02-03</subfield>
    <subfield code="e">ABC/IN4454/13.12.2014/168/08.12.2014/30.12.2014</subfield>
    <subfield code="g">439.00</subfield>
    <subfield code="l">0</subfield>
    <subfield code="o">530 VIS</subfield>
    <subfield code="p">B-584446</subfield>
    <subfield code="r">2015-02-03 00:00:00</subfield>
    <subfield code="t">1</subfield>
    <subfield code="v">530.00</subfield>
    <subfield code="y">EN</subfield>
  </datafield>
  <datafield tag="952" ind1=" " ind2=" ">
    <subfield code="0">0</subfield>
    <subfield code="1">0</subfield>
    <subfield code="4">0</subfield>
    <subfield code="7">0</subfield>
    <subfield code="8">NFIC</subfield>
    <subfield code="a">ZLS</subfield>
    <subfield code="b">ZLS</subfield>
    <subfield code="d">2015-02-03</subfield>
    <subfield code="e">ABC/IN4454/13.12.2014/168/08.12.2014/30.12.2014</subfield>
    <subfield code="g">439.00</subfield>
    <subfield code="l">1</subfield>
    <subfield code="o">530 VIS</subfield>
    <subfield code="p">B-584447</subfield>
    <subfield code="r">2021-02-25 00:00:00</subfield>
    <subfield code="s">2021-02-11</subfield>
    <subfield code="t">1</subfield>
    <subfield code="v">530.00</subfield>
    <subfield code="y">EN</subfield>
  </datafield>
  <datafield tag="952" ind1=" " ind2=" ">
    <subfield code="0">0</subfield>
    <subfield code="1">0</subfield>
    <subfield code="4">0</subfield>
    <subfield code="7">0</subfield>
    <subfield code="8">NFIC</subfield>
    <subfield code="a">RC3</subfield>
    <subfield code="b">RC3</subfield>
    <subfield code="d">2015-02-03</subfield>
    <subfield code="e">ABC/IN4454/13.12.2014/168/08.12.2014/30.12.2014</subfield>
    <subfield code="g">439.00</subfield>
    <subfield code="l">0</subfield>
    <subfield code="o">530 VIS</subfield>
    <subfield code="p">B-584448</subfield>
    <subfield code="r">2015-02-03 00:00:00</subfield>
    <subfield code="t">2</subfield>
    <subfield code="v">530.00</subfield>
    <subfield code="y">EN</subfield>
  </datafield>
  <datafield tag="952" ind1=" " ind2=" ">
    <subfield code="0">0</subfield>
    <subfield code="1">0</subfield>
    <subfield code="4">0</subfield>
    <subfield code="7">0</subfield>
    <subfield code="8">NFIC</subfield>
    <subfield code="a">RC3</subfield>
    <subfield code="b">RC3</subfield>
    <subfield code="d">2015-02-03</subfield>
    <subfield code="e">ABC/IN4454/13.12.2014/168/08.12.2014/30.12.2014</subfield>
    <subfield code="g">439.00</subfield>
    <subfield code="l">0</subfield>
    <subfield code="o">530 VIS</subfield>
    <subfield code="p">B-584449</subfield>
    <subfield code="r">2015-02-03 00:00:00</subfield>
    <subfield code="t">2</subfield>
    <subfield code="v">530.00</subfield>
    <subfield code="y">EN</subfield>
  </datafield>
  <datafield tag="952" ind1=" " ind2=" ">
    <subfield code="0">0</subfield>
    <subfield code="1">5</subfield>
    <subfield code="4">0</subfield>
    <subfield code="7">0</subfield>
    <subfield code="8">NFIC</subfield>
    <subfield code="a">RC4</subfield>
    <subfield code="b">RC4</subfield>
    <subfield code="d">2015-02-03</subfield>
    <subfield code="e">ABC/IN4454/13.12.2014/168/08.12.2014/30.12.2014</subfield>
    <subfield code="g">439.00</subfield>
    <subfield code="l">0</subfield>
    <subfield code="o">530 VIS</subfield>
    <subfield code="p">B-584450</subfield>
    <subfield code="r">2015-02-03 00:00:00</subfield>
    <subfield code="t">3</subfield>
    <subfield code="v">530.00</subfield>
    <subfield code="y">EN</subfield>
  </datafield>
  <datafield tag="952" ind1=" " ind2=" ">
    <subfield code="0">4</subfield>
    <subfield code="1">0</subfield>
    <subfield code="4">0</subfield>
    <subfield code="7">0</subfield>
    <subfield code="8">NFIC</subfield>
    <subfield code="a">RC4</subfield>
    <subfield code="b">RC4</subfield>
    <subfield code="d">2015-02-03</subfield>
    <subfield code="e">ABC/IN4454/13.12.2014/168/08.12.2014/30.12.2014</subfield>
    <subfield code="g">439.00</subfield>
    <subfield code="l">0</subfield>
    <subfield code="o">530 VIS</subfield>
    <subfield code="p">B-584451</subfield>
    <subfield code="r">2015-02-03 00:00:00</subfield>
    <subfield code="t">3</subfield>
    <subfield code="v">530.00</subfield>
    <subfield code="y">EN</subfield>
    <subfield code="z">Written off vide C-30021/05/2022/Estt./110
dt.07.11.22   
</subfield>
  </datafield>
  <datafield tag="952" ind1=" " ind2=" ">
    <subfield code="0">0</subfield>
    <subfield code="1">0</subfield>
    <subfield code="4">0</subfield>
    <subfield code="7">0</subfield>
    <subfield code="8">NFIC</subfield>
    <subfield code="a">RC4</subfield>
    <subfield code="b">RC4</subfield>
    <subfield code="d">2015-02-03</subfield>
    <subfield code="e">ABC/IN4454/13.12.2014/168/08.12.2014/30.12.2014</subfield>
    <subfield code="g">439.00</subfield>
    <subfield code="l">0</subfield>
    <subfield code="o">530 VIS</subfield>
    <subfield code="p">B-584452</subfield>
    <subfield code="r">2015-02-03 00:00:00</subfield>
    <subfield code="t">3</subfield>
    <subfield code="v">530.00</subfield>
    <subfield code="y">EN</subfield>
  </datafield>
  <datafield tag="952" ind1=" " ind2=" ">
    <subfield code="0">0</subfield>
    <subfield code="1">0</subfield>
    <subfield code="4">0</subfield>
    <subfield code="7">0</subfield>
    <subfield code="8">NFIC</subfield>
    <subfield code="a">AV</subfield>
    <subfield code="b">AV</subfield>
    <subfield code="d">2017-06-12</subfield>
    <subfield code="e">BPPD/EN/2014-15/AV/16-17/413/15.2.2017/5057/28.2.2017/ 24.3.2017</subfield>
    <subfield code="g">519.00</subfield>
    <subfield code="l">4</subfield>
    <subfield code="o">530 VIS</subfield>
    <subfield code="p">B-669646</subfield>
    <subfield code="r">2021-12-17 00:00:00</subfield>
    <subfield code="s">2021-12-02</subfield>
    <subfield code="t">1</subfield>
    <subfield code="v">519.00</subfield>
    <subfield code="w">2017-06-12</subfield>
    <subfield code="y">EN</subfield>
  </datafield>
</record>
